|
|
|
|
| LEADER |
01937nam a2200529 i 4500 |
| 001 |
nkc20152698041 |
| 003 |
CZ PrNK |
| 005 |
20170202154319.0 |
| 007 |
ta |
| 008 |
150504s2015 xr a b 000 f cze |
| 015 |
|
|
|a cnb002698041
|
| 020 |
|
|
|a 978-80-88066-10-1
|q (brožováno)
|
| 035 |
|
|
|a (OCoLC)975016964
|
| 040 |
|
|
|a BOA001
|b cze
|e rda
|
| 041 |
1 |
|
|a cze
|a eng
|h cze
|
| 072 |
|
7 |
|a 821-93
|x Literatura pro děti a mládež (beletrie)
|2 Konspekt
|9 26
|
| 080 |
|
|
|a 82-34
|2 MRF
|
| 080 |
|
|
|a 821-93
|2 MRF
|
| 080 |
|
|
|a (0:82-34)
|2 MRF
|
| 080 |
|
|
|a (0.027)=030
|2 MRF
|
| 245 |
0 |
0 |
|a Boháč a chudák =
|b Rich man, poor man /
|c ilustrace - Dominika Paštéková ; podle příběhu Karla Jaromíra Erbena ; překlad: Stephen Hattersley
|
| 246 |
3 |
1 |
|a Rich man, poor man
|
| 264 |
|
1 |
|a Praha :
|b Fantasos s.r.o.,
|c 2015
|
| 300 |
|
|
|a 10 nečíslovaných stran :
|b barevné ilustrace ;
|c 20 cm
|
| 336 |
|
|
|a text
|b txt
|2 rdacontent
|
| 336 |
|
|
|a statický obraz
|b sti
|2 rdacontent
|
| 337 |
|
|
|a bez média
|b n
|2 rdamedia
|
| 338 |
|
|
|a svazek
|b nc
|2 rdacarrier
|
| 490 |
1 |
|
|a Malé velké pohádky =
|a Little big tales ;
|v 6
|
| 500 |
|
|
|a Název z obálky
|
| 500 |
|
|
|a Anglicko-český slovník
|
| 546 |
|
|
|a Souběžný anglický text
|
| 655 |
|
7 |
|a pohádky
|7 fd133054
|2 czenas
|
| 655 |
|
7 |
|a publikace pro děti
|7 fd133156
|2 czenas
|
| 655 |
|
7 |
|a dvojjazyčná vydání
|7 fd194533
|2 czenas
|
| 655 |
|
9 |
|a fairy tales
|2 eczenas
|
| 655 |
|
9 |
|a children's literature
|2 eczenas
|
| 655 |
|
9 |
|a bilingual editions
|2 eczenas
|
| 700 |
1 |
|
|a Paštéková, Dominika,
|d 1967-
|7 xx0026295
|4 ill
|
| 700 |
1 |
|
|a Erben, Karel Jaromír,
|d 1811-1870
|7 jk01030532
|4 ant
|
| 700 |
1 |
|
|a Hattersley, Stephen
|7 jx20080919055
|4 trl
|
| 830 |
|
0 |
|a Malé velké pohádky
|0 s
|
| 910 |
2 |
|
|a BOA001
|b 2-1370.902
|
| 990 |
|
|
|a BK
|
| 995 |
|
|
|a 01
|
| 991 |
|
|
|b 201607
|c NOV
|
| 996 |
6 |
|
|b 2610676160
|c 2-1370.902
|l MZK
|r Sklad / do 1 hodiny
|n 0
|p p.v.
|w 001569933
|u 000010
|a 1
|e BOA001
|j MZK50
|s P
|